| 000 | 00907nam a2200253Ia 4500 | ||
|---|---|---|---|
| 003 | OSt | ||
| 005 | 20221007111134.0 | ||
| 006 | a|||||r|||| 00| 0 | ||
| 007 | ta | ||
| 008 | 221006b |||||||| |||| 00| 0 eng d | ||
| 024 | _a22,646 | ||
| 037 | _cTextual | ||
| 040 |
_aLCO _cLCO _beng |
||
| 041 |
_2eng _aeng |
||
| 082 | _aX71:8F'N74t, L4 | ||
| 100 |
_aOrdered by The House of Commons to be Printed 24th July 1974 _9708291 |
||
| 245 | 0 | _aThrid Report from the Committee of Public Accounts | |
| 260 |
_aLondon _bHer Majestry's Stationery Office U.K. _c1974 |
||
| 300 | _a307 | ||
| 500 | _aTogether with part of the Minutes of Evidenc, part of the Minutes of Evidence of Session 1973- 74, Appendices and Index | ||
| 650 |
_aPUBLIC ACCOUNT _9708292 |
||
| 942 |
_hX71:8F'N74t, L4 _cTEXL |
||
| 999 |
_c1192209 _d1192209 |
||